| 000 | nam a22 a 4500 | ||
|---|---|---|---|
| 999 |
_c202431 _d202431 |
||
| 003 | BLK | ||
| 005 | 20220601082757.0 | ||
| 008 | 180411b bul|||||r ||||||| ||bul|| | ||
| 010 | _aKNG00211895000 | ||
| 040 | _aBLK | ||
| 041 |
_aBUL _cBUL |
||
| 072 | 7 |
_2bullib _aА _xФонд Михаил Арнаудов |
|
| 080 |
_aБългарска литература _b821.163.2 _x-192 _z821.163.2-192 |
||
| 139 | _aАнтология | ||
| 245 | 1 | 0 |
_aАнтология _bОтбор песни от размирните години 1912-1917 _cнаредил Хараламби М. Златанов; наредил Милко Петров Бичев. |
| 257 | _aBGR | ||
| 260 |
_aСофия _c1917 _fСофия : Либер. клуб |
||
| 300 |
_a162 с. _bс портр. _c24 см |
||
| 380 | _aX | ||
| 490 |
_9396381 _aЧастна колекция - Академик Михаил Арнаудов _gДарение - Основен фонд |
||
| 500 | _aФонд Михаил Арнаудов - мека подв., неразрязани | ||
| 659 | _aА | ||
| 700 | 1 |
_aЗлатанов, Хараламби М. _eнаредил _9349800 |
|
| 700 | 1 |
_aБичев, Милко Петров _eнаредил _9386345 |
|
| 852 |
_aЦб 38110 _bЦб |
||
| 852 | _aМА 2086 | ||
| 856 | 4 | _qpdf | |
| 856 | 4 | _qpdf | |
| 942 |
_cKNG _n0 _s1 |
||
| 944 |
_aCR _c30.08.2017 _kГеновева_Генчева |
||
| 944 |
_aED _c30.08.2017 _kГеновева_Генчева |
||